Регионална библиотека "Любен Каравелов" - Русе

Сравняването на данъчната тежест между общини чрез механично обединяване на ставки е неточно и неправилно (Запис номер 547467)

MARC детайли
000 -Лидер
Лидер 00961aaa a2200229 a 4500
003 - Код на организацията, давaща контролен номер
Код на организацията, даваща контролен номер BLK
005 - Дата и час на последна редакция
Дата и час на последна редакция 20250729094744.0
007 - Фиксирано поле за физическо описани
Физическо описание ta
008 - Елементи от данни с фиксирана дължина
Елементи с фиксирана дължина 221104b bu |||||r|||| 00| | bu d
040 ## - Източник на каталожния запис
Код на библиотеката BLK
041 ## - Код за език
Език Български
Език за КДБФ Български
080 ## - УДК
УДК текст Данъци. Такси. Налози
УДК код 336.2
УДК – код + определител 336.2(497.215)
245 ## - Сведения за заглавието
Заглавие Сравняването на данъчната тежест между общини чрез механично обединяване на ставки е неточно и неправилно
300 ## - Физическа характеристика
Брой страници с. 1, 2
520 ## - Забележка за наличие на резюме, анотация и т.н
Анотация, рецензия Директорът на "Местни данъци и такси" в Община Русе Начко Наков
653 ## - Ключова дума – ненормативна
9 (RLIN) 190870
Ключови думи местни данъци
653 ## - Ключова дума – ненормативна
9 (RLIN) 192624
Ключови думи Община Русе
773 0# - Описание на основна библиографска единица при аналитични записи (многотомни)
Заглавие на източника Утро, № 139, 29 юли 2025
Контролен номер на записа 524478
Информация за връзката . //
856 ## - Електронен адрес и достъп
Инструкция (цена за достъп) 0.00
Права за достъп disable
942 ## - АРТИКУЛИ
Източник на класификационната схема Universal Decimal Classification
Вид на библиотечния документ Статия
Скрит в OPAC Не
944 ## - СЪЗДАВАНЕ И РЕДАКЦИЯ на ЗАПИСА
Дата на регистрацията/редакция Валя Йорданова
Служител, извършил регистрацията/редакцията 30558
Номер на служител Валя Йорданова
Създаване/Редакция
999 ## - СИСТЕМНИ КОНТРОЛНИ НОМЕРА
Koha biblionumber 547467
Koha biblioitemnumber 547467

Няма налични копия.

Vip Innovations Ltd, Rousse, Bulgaria 2025